Ferro-carril de Barcelona a Francia por Figueras : (Registro nro. 192492)

Detalles MARC
000 -LEADER
campo de control de longitud fija 00655nam a2200169 i 4500
001 - NÚMERO DE CONTROL
campo de control 192492
003 - IDENTIFICADOR DE NÚMERO DE CONTROL
campo de control ES-MaACL
005 - FECHA Y HORA DE LA ÚLTIMA TRANSACCIÓN
campo de control 20230906224216.0
008 - DATOS DE LONGITUD FIJA--INFORMACIÓN GENERAL
campo de control de longitud fija 230116s1870 sp 000 0 spa
080 ## - NÚMERO DE LA CLASIFICACIÓN DECIMAL UNIVERSAL
Número de la Clasificación Decimal Universal 656.2(460)
110 2# - ENTRADA PRINCIPAL--NOMBRE DE ENTIDAD CORPORATIVA
Nombre de entidad corporativa o nombre de jurisdicción como elemento de entrada Compañía de los Caminos de Hierro de Barcelona a Francia por Figueras.
9 (RLIN) 176242
245 10 - MENCIÓN DEL TÍTULO
Título Ferro-carril de Barcelona a Francia por Figueras :
Resto del título exposición a las Cortes, 1870.
260 ## - PUBLICACIÓN, DISTRIBUCIÓN, ETC.
Lugar de publicación, distribución, etc. Madrid :
Nombre del editor, distribuidor, etc. [s.n.],
Fecha de publicación, distribución, etc. 1870 (
Fabricante Imp. y Estereotipia de M. Rivadeneyra)
300 ## - DESCRIPCIÓN FÍSICA
Extensión 12 p., 1 mapa pleg. ;
Dimensiones 31 cm.
650 #4 - PUNTO DE ACCESO ADICIONAL DE MATERIA--TÉRMINO DE MATERIA
Término de materia o nombre geográfico como elemento de entrada Ferrocarriles-
Subdivisión geográfica España-
Subdivisión cronológica S. XIX.
9 (RLIN) 12762
852 4# - LOCALIZACIÓN
Ubicación ES-MaACL
Número de control de estantería T-101-F-3
Nota libre - Enc. en un vol. facticio
Existencias
Estatus retirado Estado de pérdida Estado de daño No para préstamo Colección Biblioteca de origen Biblioteca actual Ubicación en estantería Fecha de adquisición Fuente de adquisición Total de préstamos Signatura topográfica completa Código de barras Visto por última vez Precio de reemplazo Tipo de ítem Koha
        Colección de folletos Biblioteca del Ateneo de Madrid Biblioteca del Ateneo de Madrid Depósito folletos 16/01/2023     T-101-F-3 1205082 23/02/2023 23/02/2023 Folleto